书目信息 |
| 题名: |
清华园中的创业启蒙
|
|
| 作者: | 青稞 著 | |
| 分册: | ||
| 出版信息: | 北京 改革出版社 1999.01 |
|
| 页数: | 333页 | |
| 开本: | 32开 | |
| 丛书名: | ||
| 单 册: | ||
| 中图分类: | K820.7 | |
| 科图分类: | ||
| 主题词: | 人物--传记--中国 | |
| 电子资源: | ||
| ISBN: | 7-80143-246-0 | |
| 000 | 00554nam0 2200193 45 | |
| 001 | 0007160698 | |
| 005 | 20000716063833.2 | |
| 010 | @a7-80143-246-0@d20.00元 | |
| 100 | @a20000716d1999 km y0chiy0120 ea | |
| 101 | 0 | @achi |
| 105 | @a z 000yy | |
| 200 | 1 | @a清华园中的创业启蒙@AQing Hua Yuan Zhong De Chuang Ye Qi Meng@f青稞著@FQing Ke Zhu |
| 210 | @a北京@c改革出版社@d1999.01 | |
| 215 | @a333页@d32开 | |
| 606 | 0 | @a人物@x传记@x中国 |
| 690 | @aK820.7@v3 | |
| 701 | 0 | @a青稞@4著 |
| 801 | @aCN@bPftUser@c20000716 | |
| 905 | @b72417-421@dK820.7@eQ.062@f5 | |
| 清华园中的创业启蒙/青稞著.-北京:改革出版社,1999.01 |
| 333页;32开 |
| ISBN 7-80143-246-0:20.00元 |
| ● |
| 相关链接 |
|
|
|
正题名:清华园中的创业启蒙
索取号:K820.7/Q.062
 
预约/预借
| 序号 | 登录号 | 条形码 | 馆藏地/架位号 | 状态 | 备注 |
| 1 | 72417 | 200724172 | 社科库309/ [索取号:K820.7/Q.062] | 在馆 | |
| 2 | 72418 | 200724181 | 社科库309/309社科库 45排2列2层/ [索取号:K820.7/Q.062] | 在馆 | |
| 3 | 72419 | 200724190 | 社科库309/309社科库 45排2列2层/ [索取号:K820.7/Q.062] | 在馆 | |
| 4 | 72420 | 200724207 | 社科库309/309社科库 45排2列2层/ [索取号:K820.7/Q.062] | 在馆 | |
| 5 | 72421 | 200724216 | 社科库309/309社科库 45排2列2层/ [索取号:K820.7/Q.062] | 在馆 |